000 00296nam a22001337a 4500
008 170608b xxu||||| |||| 00| 0 eng d
020 _a9780205109128
041 _aeng
080 _a32
100 _a18
101 _aSHP
245 _aCOMPARATIVE POLITICS TODAY
_cPOWELL, G.B
942 _2udc
_cBK
999 _c16388
_d16388